Statistics for Top 100 World's Worst Invasive Species

Click here to take the quiz!

General Stats

  • This quiz has been taken 255 times
  • The average score is 13 of 98

Answers on the Map

Answers color-coded by a green-red scale on the quiz's map according to % correct below.
 

Answer Stats

TypeScientific NameNative LocationAnimal% Correct
MammalFelis catusFertile CrescentCat
62%
InsectAedes albopictusSoutheast AsiaTiger Mosquito
61%
InsectAnopheles quadrimaculatusNorth AmericaCommon Malaria Mosquito
60%
MammalRattus rattusIndiaBlack Rat
58%
MammalMus musculusSouth AsiaField Mouse
53%
InsectSolenopsis invictaSouth AmericaFire Ant
45%
InsectVespula vulgarisTemperate Northern HemisphereCommon Wasp
44%
FishCyprinus carpioEurasiaCommon Carp
42%
MammalCervus elaphusEurasiaRed Deer
42%
InsectWasmannia auropunctataCentral / South AmericaElectric Ant
38%
MammalOryctolagus cuniculusIberiaEuropean Rabbit
37%
InsectCoptotermes formosanusEast AsiaFormosa Termite
34%
PlantArundo donaxMiddle EastGiant Reed
34%
FishOncorhynchus mykissPacific OceanRainbow Trout
29%
FishSalmo truttaEurasiaBrown Trout
28%
BirdSturnus vulgarisEurasiaEuropean Starling
28%
MammalSciurus carolinensisEastern United StatesGray Squirrel
27%
MammalVulpes vulpesNorthern HemisphereRed Fox
27%
FishClarias batrachusSoutheast AsiaWalking Catfish
26%
MolluscDreissena polymorphaEastern EuroppeZebra Mussel
26%
MammalCapra hircusMiddle EastGoat
24%
MammalMustela ermineaEurasia & North AmericaStoat
24%
AmphibianRhinella marinaCentral / South AmericaCane Toad
22%
PlantImperata cylindricaAfro-EurasiaCogongrass
20%
VinePueraria montana var. lobataEast AsiaKudzu
20%
InsectAnoplophora glabripennisEast AsiaAsian Long-horned Beetle
19%
InsectTrogoderma granariumSouth AsiaKhapra Beetle
17%
MammalHerpestes javanicusSoutheast AsiaJavan Mongoose
16%
FishMicropterus salmoidesEastern United StatesLargemouth Bass
16%
AmphibianLithobates catesbeianusEastern United StatesAmerican Bullfrog
13%
InsectLymantria disparWestern EuropeGypsy Moth
13%
AmphibianEleutherodactylus coquiPuerto RicoCommon Coquí
12%
BirdAcridotheres tristisAsiaCommon Myna
12%
MolluskAchatina fulicaEast AfricaGiant African Land Snail
12%
MolluskMytilus galloprovincialisEuropeMediterranean Mussel
12%
MammalSus scrofaEurasia/North AfricaWild Boar
12%
MammalTrichosurus vulpeculaAustraliaBrushtail Possum
11%
PlantPolygonum cuspidatumEast AsiaJapanese Knotweed
11%
MammalMyocastor coypusSouth AmericaCoypu
10%
AlgaCaulerpa taxifoliaPacific & Caribbean SeaKiller Alga
10%
EchinodermAsterias amurensisNorth PacificNorth Pacific Seastar
9%
PlantLantana camaraCentral / South AmericaCommon Lantana
8%
PlantSphagneticola trilobataCentral AmericaCreeping-oxeye
8%
FishLates niloticus Central AfricaNile Perch
8%
KelpUndaria pinnatifidaNorthwest PacificWakame
8%
PlantAcacia mearnsiiAustraliaBlack Wattle
7%
MammalMacaca fascicularisSoutheast AsiaCrab-eating Macaque
7%
FishOreochromis mossambicusSouthern AfricaMozambique Tilapia
7%
ReptileTrachemys scripta elegansEastern US/Northern MexicoRed-eared Slider
7%
ReptileBoiga irregularisOceaniaBrown Tree Snake
6%
CrustaceanEriocheir sinensisEast AsiaChinese Mitten Crab
5%
CrustaceanCarcinus maenasNorthern EuropeEuropean Green Crab
5%
FishGambusia affinisNorth AmericaMosquitofish
5%
InsectAnoplolepis gracilipesSoutheast AsiaYellow Crazy Ant
5%
ProtozoanPlasmodium relictumMost of the WorldAvian Malaria
4%
PlantOpuntia strictaAmericaErect Prickly Pear
4%
BirdPycnonotus caferIndiaRed-vented Bulbul
4%
Marine InvertebrateMnemiopsis leidyiAtlantic OceanSea Walnut
4%
PlantEichhornia crassipesSouth AmericaWater Hyacinth
4%
InsectLinepithema humileSouth AmericaArgentine Ant
3%
FungusCryphonectria parasiticaAsiaChestnut Blight
3%
MoldAphanomyces astaciUnknownCrayfish Plague
3%
FungusOphiostoma ulmi sensu latoAsiaDutch Elm Disease
3%
CrustaceanCercopagis pengoiBlack & Caspian SeasFishhook Waterflea
3%
TreeMiconia calvescensCentral / South AmericaVelvet Tree
3%
FungusBatrachochytrium dendrobatidisAfricaAmphibian chytrid fungus (Bd)
2%
InsectPheidole megacephalaAfricaBig-headed Ant
2%
VineMikania micranthaAmericaBitter Vine
2%
MolluskEuglandina roseaSoutheastern United StatesCannibal Snail
2%
InsectBemisia tabaciSouth AsiaCotton Whitefly
2%
PlantRubus ellipticusAsiaGolden Evergreen Raspberry
2%
PlantEuphorbia esulaEurasiaGreen Spurge
2%
InvertebratePlatydemus manokwariNew GuineaNew Guinea Flatworm
2%
PlantLythrum salicariaAfro-EurasiaPurple Loosestrife
2%
PlantCinchona pubescensCentral / South AmericaRed Cinchona
2%
ShrubTamarix ramosissimaEurasiaSalt Cedar
2%
PlantChromolaena odorataAmericaSiam Weed / Christmas Bush
2%
ShrubLigustrum robustumSouth AsiaTree Privet
2%
MolluskPotamocorbula amurensisNorth PacificAsian Clam
1%
TreeMelaleuca quinquenerviaOceaniaBroad-leaved Paperbark
1%
TreeArdisia ellipticaSouth AsiaCoralberry
1%
InsectCinara cupressiMiddle EastCypress Aphid
1%
PlantMorella fayaMacaronesiaFiretree
1%
PlantSalvinia molestaBrazilGiant Salvinia
1%
MolluskPomacea canaliculataSouth AmericaGolden Apple Snail
1%
PlantUlex europaeusWestern EuropeGorse
1%
PlantHedychium gardnerianumHimalayasKahili Ginger
1%
TreePinus pinasterMediterranean RegionMaritime Pine
1%
TreeCecropia peltataCentral / South AmericaSnakewood Tree
1%
PlantClidemia hirtaCentral / South AmericaSoapbush
1%
PlantLeucaena leucocephalaCentral AmericaWhite Leadtree
1%
TreeSpathodea campanulataAfricaAfrican Tulip Tree
0%
TreeSchinus terebinthifoliusSouth AmericaBrazilian Peppertree
0%
PlantSpartina anglicaEnglandCommon Cordgrass
0%
ShrubMimosa pigraCentral / South AmericaGiant Sensitive Tree
0%
PlantHiptage benghalensisSouth AsiaHiptage
0%
ShrubProsopis glandulosaNorth AmericaHoney Mesquite
0%
TreePsidium cattleianumBrazilStrawberry Guava
0%

Score Distribution

Percentile by Number Answered

Percent of People with Each Score

Your Score History

You have not taken this quiz